Kennzeichen Europa - Statistiken

Allgemein
  • Dieses Quiz wurde 201 mal gespielt
  • Das Durchschnittsergebnis liegt bei 40 aus 44
Antwortstatistiken
Bildquiz Antwort % Korrekt
Norwegen
98%
Ukraine
97%
Deutschland
96%
Finnland
96%
Frankreich
96%
Litauen
96%
Polen
96%
Tschechien
96%
Vereinigtes Königreich
96%
Estland
94%
Island
94%
Niederlande
94%
Rumänien
94%
Schweiz
94%
Serbien
94%
Albanien
93%
Andorra
93%
Belgien
93%
Italien
93%
Österreich
93%
Slowenien
93%
Dänemark
92%
Griechenland
92%
Irland
92%
Portugal
92%
Slowakei
91%
Bulgarien
90%
Kroatien
90%
San Marino
90%
Belarus
89%
Luxemburg
89%
Moldawien
89%
Ungarn
89%
Monaco
88%
Lettland
87%
Zypern
87%
Schweden
85%
Spanien
85%
Montenegro
84%
Bosnien und Herzegowina
83%
Kosovo
77%
Liechtenstein
76%
Malta
71%
Vatikan
65%
Keine übereinstimmenden Quizze gefunden
Verteilung der Resultate
Anzahl Personen mit jedem Resultat
Perzentil nach korrekt beantworteten Fragen
Ihre Resultats-Entwicklung
Sie haben dieses Quiz noch nicht gespielt